| 000 | 01014nas a2200313 4500 | ||
|---|---|---|---|
| 001 | BR2014003634 | ||
| 003 | BR-BrBNA | ||
| 005 | 20231205124138.0 | ||
| 007 | ta | ||
| 008 | 230509b bl.|||p| |||| 00| 00por d | ||
| 040 |
_aBR-BrBNA _bpor _cBiblioteca Nacional de Agricultura |
||
| 041 | _a(Pt) | ||
| 072 | _aN10; P10 | ||
| 100 | 1 | _aLima, A. de O. | |
| 100 | 1 | _aDias, N. da S. | |
| 100 | 1 | _aFerreira Neto, M. | |
| 100 | 1 | _aSantos, J.E.J. dos | |
| 100 | 1 | _aRego, P.R. do A. | |
| 100 | 1 | _aLima-Filho, F.P. | |
| 245 | 1 | _aBarragens subterrâneas no semiárido brasileiro: análise histórica e metodologias de construção | |
| 650 | _aAGRICULTURA FAMILIAR | ||
| 650 | _aRECURSO HÍDRICO | ||
| 650 | _aÁGUAS PLUVIAIS | ||
| 650 | _aENGENHARIA CIVIL | ||
| 773 | 0 |
_tIrriga (Brazil) _xISSN 1808-3765 _g(Apr-Jun 2013), V. 18(2) p. 200-211 _wBR2014003634 |
|
| 856 | 4 | 0 | _uhttp://irriga.fca.unesp.br/index.php/irriga/article/view/549/360 |
| 909 |
_a202311 _bLúcia _c55 _dLúcia Elande |
||
| 942 |
_2AGRIS _n0 _cANA |
||
| 999 |
_c237525 _d237525 |
||